000 00334nam a2200145 i 4500
001 bg
100 1 _aKRZYŻANOWSKI, Julian
245 0 _aNauka o literaturze /
_cJ. Krzyżanowski.
250 _aWyd. 3.
260 _aWrocław,
_c1984.
040 _cBPK
041 _apol
942 _cKS
008 s pl f |000 0 pol
999 _c22657
_d22657
856 _uhttp://koha.tu.koszalin.pl/cgi-bin/koha/opac-detail.pl?biblionumber=22657
_yKatalog online BPK